000 01537nam a2200481 i 4500
001 22911
003 KOSZ 005
005 20220222123351.0
008 981118s1984 pl a |000 0 pol
015 _aUWD 1985/2319
020 _a8321330258
035 _a991008142509705066
035 _a(PL-WaBN)b12097147-48omnis_nlop
035 _ab12097147
035 _a(OCoLC)749516451
035 _a(PL)b0000001209714
035 _a(EXLNZ-48OMNIS_NETWORK)9910328696405606
040 _aWA N
_cWA N
_dKR U
_dKOSZ 005/HR
041 0 _apol
046 _k1984
080 _a643/645
080 _a(084.12)
100 1 _aSienko, Maria
_d(1928-2004)
_eAutor
245 1 0 _aKlimaty mieszkania /
_cMaria Sienko, Przemysław Gierłatowski.
260 _aWarszawa :
_b"Arkady",
_c1984 [i.e.] 1985.
300 _a[72] s. :
_bfot. kolor. ;
_c22 x 23 cm.
336 _aTekst
_btxt
_2rdacontent
337 _aBez urządzenia pośredniczącego
_bn
_2rdamedia
338 _aWolumin
_bnc
_2rdacarrier
380 _aKsiążki
388 _a1901-2000
388 _a1945-1989
490 1 _aMieszkanie
650 7 _aWnętrza architektoniczne
_2DBN
650 7 _aWyposażenie mieszkań
_2DBN
658 _aDom i ogród
700 1 _aGierłatowski, Przemysław
_eAutor
710 2 _aWydawnictwo Arkady
_4pbl
830 0 _aMieszkanie
856 _uhttp://koha.tu.koszalin.pl/cgi-bin/koha/opac-detail.pl?biblionumber=22911
_yKatalog online BPK
942 _2UKD
_cKS
999 _c22911
_d22911